00332nam a2200121 a 4500008004100000050001500041100002100056245002900077246003800106260004200144300001500186350000900201120416s1969 ||||||||||||||||| || u aHM 131 Ben aBennis, Warren G10aOrganization development aits nature, origins and prospects aReadings, Mass.bAddison-Wesleyc1969 aviii, 87p. a0.00